• 首页
  • 本馆介绍
  • 公告通知
  • 最新文献
  • 馆藏检索
  • 电子资源
  • 读者导购
  • 参考咨询
  • 我的图书馆
  • 登录
  • 详细信息显示
  • 放入我的书架
  • 预约/预借图书
  • 作者相关作品
  • 分类相关作品
  • 丛书相关作品
  • 出版社相关作品

书目信息

  • 表格格式
  • 工作单格式
  • 卡片格式
题名:
实用中草药彩色图集
    
 
作者: 罗献瑞 主编
分册: 第二册  
出版信息: 广州   广东科技出版社  1993.12
页数: 506页
开本: 19cm
丛书名:
单 册:
中图分类: R282.7-64 , R281
科图分类:
主题词: 中草药--图谱 , 中草药
电子资源:
ISBN: 7-5359-1105-6
000 00930nam0 2200277 450
001 1536144760
005 20150131100503.75
010    @a7-5359-1105-6@dCNY35.00
100    @a19940225d1993 em y0chiy0110 ea
101 0  @achi
102    @aCN@b440000
105    @af z 001yy
200 1  @a实用中草药彩色图集@9shi yong zhong cao yao cai se tu ji@h第二册@f罗献瑞主编
210    @a广州@c广东科技出版社@d1993.12
215    @a506页@c图@d19cm
300    @a并列题名:Coloured icones of Chinse medicine
330    @a本册收录植物药230种,主要是我国南部、东部和中部疗效较确切的民间草药和部分中药,按图文对照形式编排。
510 1  @aColoured icones of Chinse medicine@zeng
517 1  @a中草药彩色图集@9zhong cao yao cai se tu ji
606 0  @a中草药@x图谱
606 0  @a中草药
690    @aR282.7-64@v三版
690    @aR281@v4
701  0 @a罗献瑞@9luo xian rui@4主编
801  0 @aCN@bTSSF@c20150131
905    @aZUCC@dR281@eJY185:2
    
    实用中草药彩色图集.第二册/罗献瑞主编.-广州:广东科技出版社,1993.12
    506页:图;19cm
    并列题名:Coloured icones of Chinse medicine
    
    ISBN 7-5359-1105-6:CNY35.00
    本册收录植物药230种,主要是我国南部、东部和中部疗效较确切的民间草药和部分中药,按图文对照形式编排。
●
相关链接 在E读中查询图书 在五车中查询图书 在当当中查询图书 在豆瓣中查询图书


正题名:实用中草药彩色图集     索取号:R281/JY185:2         预约/预借

序号 登录号 条形码 馆藏地/架位号 状态 备注
1 7862216   278622162   学院路分馆/ [索取号:R281/JY185:2] 在馆    
2 7862217   278622171   学院路分馆/ [索取号:R281/JY185:2] 在馆    
唐山师范学院图书馆 欢迎您!
大连网信软件有限公司© 版权所有